[Event "HUN-chT4 Chalupetzky 1718"]
[Site "Hungary"]
[Date "2017.12.10"]
[Round "4.1"]
[White "Bokrossy, Bela"]
[Black "Figula, Gabor Jozsef"]
[Result "1-0"]
[WhiteElo "1547"]
[BlackElo "1435"]
[PlyCount "85"]
[EventDate "2017.10.15"]
[EventType "team-tourn"]
[EventRounds "7"]
[EventCountry "HUN"]
[SourceTitle "EXT 2019"]
[Source "ChessBase"]
[SourceDate "2018.10.10"]
[SourceVersion "1"]
[SourceVersionDate "2018.10.10"]
[SourceQuality "1"]
[WhiteTeam "Fertoszentmiklos"]
[BlackTeam "Gyor Szechenyi II"]
[WhiteTeamCountry "HUN"]
[BlackTeamCountry "HUN"]

1. c4 Nf6 2. Nc3 e6 3. a3 d5 4. e3 Be7 5. Nf3 b6 6. d4 Bb7 7. cxd5 exd5 8. Bd3 0-0 9. 0-0 Nbd7 10. b4 Ne4 11. Qc2 Rc8 12. Nxe4 dxe4 13. Bxe4 Bxe4 14. Qxe4 c5 15. b5 Re8 16. Qd3 Nf6 17. Qc4 Ne4 18. Ne5 Nd6 19. Qd3 c4 20. Qb1 Bf6 21. Nc6 Qd7 22. Qb4 Nxb5 23. Qxb5 Qxc6 24. a4 g6 25. Ra2 Qe4 26. f3 Qd3 27. Ra3 Qc2 28. Qb2 Qxb2 29. Bxb2 c3 30. Bc1 Rc4 31. Rd1 c2 32. Rdd3 Bxd4 33. Kf2 Bc5 34. Ra2 f5 35. Ke2 Kf7 36. Rd7+ Re7 37. Rxe7+ Bxe7 38. Kd3 Rc6 39. Rxc2 Rxc2 40. Kxc2 Ke6 41. Kc3 Kd5 42. Kd3 Kc5 43. Ba3+ 1-0

[Event "HUN-chT4 1718"]
[Site "Hungary"]
[Date "2017.11.25"]
[Round "4.18"]
[White "Borzsei, Andras"]
[Black "Figula, Gabor Jozsef"]
[Result "1-0"]
[WhiteElo "1368"]
[BlackElo "1426"]
[PlyCount "51"]
[EventDate "2017.10.28"]
[EventType "team-tourn"]
[EventRounds "9"]
[EventCountry "HUN"]
[SourceTitle "EXT 2020"]
[Source "ChessBase"]
[SourceDate "2019.10.17"]
[SourceVersion "1"]
[SourceVersionDate "2019.10.17"]
[SourceQuality "1"]

1. d4 d5 2. c4 c6 3. Nf3 Nf6 4. Nc3 e6 5. c5 Nbd7 6. Bf4 Be7 7. e3 Nh5 8. Bg3 Nxg3 9. hxg3 Qc7 10. Qc2 Nf6 11. Bd3 h6 12. Ne5 b6 13. b4 a5 14. Na4 bxc5 15. bxc5 Ba6 16. Nb6 Bxd3 17. Nxa8 Qxe5 18. Qxd3 Qb8 19. Nb6 0-0 20. 0-0 e5 21. Rfe1 Qc7 22. Qa6 Rb8 23. Qxa5 Nd7 24. Rab1 Bd8 25. a4 Rb7 26. Qa6 1-0

[Event "HUN-chT4 1718"]
[Site "Hungary"]
[Date "2017.11.25"]
[Round "3.19"]
[White "Figula, Gabor Jozsef"]
[Black "Mokcsay, Attila"]
[Result "1-0"]
[WhiteElo "1426"]
[BlackElo "1292"]
[PlyCount "45"]
[EventDate "2017.10.28"]
[EventType "team-tourn"]
[EventRounds "9"]
[EventCountry "HUN"]
[SourceTitle "EXT 2020"]
[Source "ChessBase"]
[SourceDate "2019.10.17"]
[SourceVersion "1"]
[SourceVersionDate "2019.10.17"]
[SourceQuality "1"]

1. d4 d5 2. c4 c6 3. Nc3 h6 4. Nf3 e6 5. e4 Bb4 6. e5 Bxc3+ 7. bxc3 b6 8. Bd3 Ba6 9. Nd2 Ne7 10. Qf3 0-0 11. 0-0 f5 12. Ba3 Nd7 13. cxd5 Bxd3 14. Bxe7 Qxe7 15. d6 Qf7 16. Qxd3 c5 17. Rfc1 Rac8 18. Qb5 g5 19. Re1 Qg7 20. Qb3 Qg6 21. d5 exd5 22. Qxd5+ Rf7 23. e6 1-0

[Event "HUN-chT4 Chalupetzky 1718"]
[Site "Hungary"]
[Date "2017.11.19"]
[Round "3.1"]
[White "Hecz, Lajos"]
[Black "Figula, Gabor Jozsef"]
[Result "0-1"]
[WhiteElo "1419"]
[BlackElo "1426"]
[PlyCount "66"]
[EventDate "2017.10.15"]
[EventType "team-tourn"]
[EventRounds "7"]
[EventCountry "HUN"]
[SourceTitle "EXT 2019"]
[Source "ChessBase"]
[SourceDate "2018.10.10"]
[SourceVersion "1"]
[SourceVersionDate "2018.10.10"]
[SourceQuality "1"]
[WhiteTeam "Gonyu"]
[BlackTeam "Gyor Szechenyi II"]
[WhiteTeamCountry "HUN"]
[BlackTeamCountry "HUN"]

1. e4 e6 2. Bc4 d5 3. exd5 exd5 4. Bb3 Nf6 5. d4 Be7 6. Bf4 Bf5 7. f3 Nh5 8. Bd2 Be6 9. Nc3 c6 10. Nge2 Bd6 11. g4 Qh4+ 12. Kf1 Qh3+ 13. Kf2 Qh4+ 14. Kg2 Nf6 15. Ng3 h5 16. Nf5 Bxf5 17. gxf5 Qxd4 18. Re1+ Kf8 19. Ne2 Qb6 20. a4 Nbd7 21. a5 Qc7 22. Rh1 h4 23. h3 Nh5 24. Qc1 Re8 25. Re1 Ndf6 26. c4 Bh2 27. cxd5 Rxe2+ 28. Rxe2 Qg3+ 29. Kh1 Qxf3+ 30. Rg2 Nf4 31. Bxf4 Bxf4 32. Qf1 Qxh3+ 33. Kg1 Be3+ 0-1